Регионална библиотека "Любен Каравелов" - Русе

Спиридонов 75 (Запис номер 418315)

MARC детайли
000 -Лидер
Контролно поле с фиксирана дължина nkm a22 a 4500
003 - Код на организацията, давaща контролен номер
Контролно поле BLK
005 - Дата и час на последна редакция
Контролно поле 20210607150241.0
008 - Елементи от данни с фиксирана дължина
fixed length control field 180412b bul rap|r|||| r0| ||bulo|
010 ## - Наследен системен номер
LC control number KNG00029676000
020 ## - Международен стандартен номер на книга ISBN
Международен стандартен номер на книга ISBN 978-619-7524-08-6
040 ## - Източник на каталожния запис
Идентификатор на билиотеката - собственик на записа BLK
041 ## - Код за език
Код за езика на текст/звукозапис или на отделно заглавие Български
Код за езика КДБФ Български
080 ## - УДК
Текстов определител УДК Живопис - художници
УДК код - определител по УДК 75.071.1
УДК определител (497.2)(084.1)(092)
УДК - код + определител 75.071.1(497.2)(084.1)(092)
080 ## - УДК
Текстов определител УДК Спиридонов, Симеон Димитров
УДК код - определител по УДК 92 български художник
100 ## - Редна дума - Автор
Автор Спиридонов, Симеон Димитров
Авторска отговорност първи автор
R(LIN) 1299
139 ## - Редно поле
Редна дума Спиридонов, Симеон Димитров
245 ## - Сведения за заглавието
Заглавие Спиридонов 75
Редно поле (дума) Симеон Спиридонов ; [текст] Мария Спиридонова
257 ## - Страна на издаване
Страна на създаване/издаване България
260 ## - Област на издателските данни
Място на издаване, разпространение и проч. София
Име на издателя, разпространителя и проч. М-Прес
Година на издаване 2019
9 (RLIN) 214097
Издателство - префикс ISBN 978-954-91844- ; 978-954-8455-
300 ## - Физическа характеристика
Страници 39 с.
Илюстрации и др. ил.
Размери/Мащаб 21 см
380 ## - Жанр
Жанр Изкуство
600 #0 - Име на лице, използвано като предмет
За него / За нея Спиридонов, Симеон Димитров
9 (RLIN) 277676
650 #0 - Допълнително описание по предмет – тема
9 (RLIN) 273860
Основно описание – тема или топоним Художници, български - каталози
653 ## - Ключова дума – ненормативна
Ключова дума живопис
653 ## - Ключова дума – ненормативна
Ключова дума графика
653 ## - Ключова дума – ненормативна
Ключова дума акварели
700 ## - Други автори (авторска отговорност)
9 (RLIN) 1581
Лично име Спиридонова, Мария Симеонова
Автороска отговорност (Описва отношението между автора и произведението) текст
852 ## - Местоположение
Форматна сигнатура Цб 307521
856 4# - Електронен адрес и достъп
Електронен формат pdf - файл
Път до файла /url/
856 4# - Електронен адрес и достъп
Електронен формат pdf - файл
Път до файла /url/
999 ## - СИСТЕМНИ КОНТРОЛНИ НОМЕРА
Koha biblionumber 418315
Koha biblioitemnumber 418315
942 ## - АРТИКУЛИ
Вид на библиотечния материал Книги
Скрит в OPAC Не
Периодичен библиозапис Да
944 ## - СЪЗДАВАНЕ И РЕДАКЦИЯ на ЗАПИСА
Създаване/Редакция Създаване
Дата на регистрацията/редакция 2021-06-07
Служител, извършил регистрацията/редакцията В. Т.
999 ## - СИСТЕМНИ КОНТРОЛНИ НОМЕРА
Koha biblioitemnumber 418315
999 ## - СИСТЕМНИ КОНТРОЛНИ НОМЕРА
Koha biblioitemnumber 418315
Наличности
Код за отписване Код за изгубен артикул Източник на класификационната схема Код за повреда Код за отдаване Артикулен № Име на библиотеката - собственик Име на библиотеката, в която се намира в момента Статус (Текущо местоположение) Дата на вписване в системата Местоположение - отдел Цена в лева Систематично азбучна сигнатура Баркод Цена в евро Служебен тип на артикула
  Не е изгубен Universal Decimal Classification Не е повреден ползва се в читалня 835220 Регионална библиотека "Любен Каравелов" Русе Регионална библиотека "Любен Каравелов" Русе Хранилище 2021-06-08 Хранилище 3.00 Цб 307521 120000855779 1.53 Книги
Vip Innovations Ltd, Rousse, Bulgaria 2025